Les Titres de Serge Lama avec les initiales - Statistiques

Statistiques générales
  • Ce quiz a été pris 19 fois
  • Le résultat moyen est 5 sur 12
Statistiques - réponses
Initiales Titres % Correct
J_ S__ M___ Je suis malade
100%
F___, F___, F___ Femme, Femme, Femme
87%
L_ P'___ F___ D_ P____ Les p'tites femmes de Pigalle
73%
D'_____ E_ A_____ D'aventures en aventures
60%
J_ T'__ A L_ F__ Je t'aime à la folie
60%
L_ 1_ J____ A 5 H___ Le 15 Juillet à 5 heures
27%
L_ B____ R___ Les Ballons rouges
27%
L_ C____ A 2_ A_ La chanteuse a 20 ans
20%
M_ A_ M_ M___ Mon ami, mon maître
13%
J_ V__ S___ M___ Je vous salue Marie
7%
L'___ A_ P__ L'enfant au piano
7%
L_ T__ D_ L_ R____ Le Temps de la rengaine
7%
Aucun quiz correspondant
Distribution des résultats
% des personnes avec chaque résultat
Percentile par nombre de réponses
Votre historique - résultats
Vous n’avez pas pris ce quiz